| 000 | 01582nam a2200265 a 4500 | ||
|---|---|---|---|
| 001 | 000021575 | ||
| 003 | DO-SdBNP | ||
| 005 | 20250506100219.0 | ||
| 008 | 100909s1999 dr 001 0 spa d | ||
| 020 | _a8460586227 | ||
| 040 |
_aDO-SdBNP _bspa _cBNPHU |
||
| 082 |
_a972.93053 _bA451u |
||
| 100 | 1 |
_aAlmoina, José, _d1903-1960 _91865 |
|
| 245 | 1 | 4 |
_aUna satrapía en el Caribe : _bhistoria puntual de la mala vida del déspota Rafael Leónidas Trujillo / _cJosé Almoina. |
| 260 |
_aSanto Domingo : _bCole, _c1999. |
||
| 300 |
_a294 p. ; _c22 cm. |
||
| 500 | _aIncluye índice onomástico | ||
| 504 | _aIncluye referencias bibliográficas y notas al pie de las páginas | ||
| 505 | 0 |
_tPresentación a la edición dominicana -- _tAclaración importante -- _tDedicatoria -- _tAdvertencia indispensable -- _tLa familia de los Trujillo -- _tLa familia de Chapita -- _tLos que rodean al sátrapa: alcahuetes, bufones, lacayos y aduladores -- _tTretas de que se valió el megalomanaco Trujillo para captar el poder -- _t¿Cómo se sostiene el sátrapa? -- _tLa ferocidad más que neroniana del mulato Chapita -- _tInexistencia de los poderes Legislativo y Judicial y trasiegos burocráticos -- _tUn régimen monopolista -- _tLa política internacional del tirano -- _tDocumentos y noticias corroborantes. _tÍndice onomástico. |
|
| 590 | _aInventariado, 2019/ YL | ||
| 600 | 1 | 4 |
_aTrujillo Molina, Rafael Leónidas, _d1891-1961 |
| 651 | 4 |
_aRepública Dominicana _xPolítica y gobierno _yEra de Trujillo, 1930-1961 _91374 |
|
| 910 | _aValidado. Control de calidad MMOLINA | ||
| 942 |
_2ddc _cLBS1 |
||
| 999 |
_c21074 _d21074 |
||